| 000 | 00587nam a2200217 a 4500 | ||
|---|---|---|---|
| 005 | 20210219153411.0 | ||
| 008 | 991125n 000 0 spa u | ||
| 035 | _aUPN01000096843 | ||
| 100 | _aPINEDA VEGA, Jose Luis | ||
| 222 | _aEDUCADORES DEL MUNDO | ||
| 245 | _aLa reforma universitaria en Zacatecas : ¿qué papel tienen que jugar los sindicatos? | ||
| 300 | _a14-15 | ||
| 362 | _a1989 No. 3 | ||
| 653 | 0 | _aALUMNOS | |
| 653 | 0 | _aREFORMA UNIVERSITARIA | |
| 653 | 0 | _aSPAUAZ | |
| 653 | 0 | _aUAZ | |
| 653 | 0 | _aZACATECAS (ESTADO) | |
| 904 |
_aAC _b034654 |
||
| 905 | _aArticulo | ||
| 999 |
_c75949 _d75949 |
||